Перспективы развития нефтяной промышленности России до 2020 года; Нефтяное хозяйство; № 12

Opis bibliograficzny
Parent link:Нефтяное хозяйство: научно-технический производственный журнал.— , 1925-1940, 1946-.— 0028-2448
№ 12.— 2003.— С. 10-15
1. autor: Дмитриевский А. Н.
Kolejni autorzy: Максимов В. М.
Język:rosyjski
Wydane: 2003
Seria:Нефтяная и газовая промышленность
Hasła przedmiotowe:
Format: Rozdział
KOHA link:https://koha.lib.tpu.ru/cgi-bin/koha/opac-detail.pl?biblionumber=390402

MARC

LEADER 00000naa2a2200000 4500
001 390402
005 20231101063953.0
035 |a (RuTPU)RU\TPU\prd\23431 
090 |a 390402 
100 |a 20040302a2002 k y0rusy50 ca 
101 0 |a rus 
102 |a RU 
200 1 |a Перспективы развития нефтяной промышленности России до 2020 года  |f А. Н. Дмитриевский, В. М. Максимов 
225 1 |a Нефтяная и газовая промышленность 
320 |a Библиогр.: 4 назв. 
461 1 |0 (RuTPU)RU\TPU\prd\1638  |x 0028-2448  |t Нефтяное хозяйство  |o научно-технический производственный журнал  |d 1925-1940, 1946- 
463 1 |0 (RuTPU)RU\TPU\prd\22713  |t № 12  |v С. 10-15  |d 2003 
610 1 |a нефтяное хозяйство 
610 1 |a Россия 
610 1 |a перспективы 
610 1 |a 2020 г. 
675 |a 622.276  |v 3 
700 1 |a Дмитриевский  |b А. Н. 
701 1 |a Максимов  |b В. М. 
801 1 |a RU  |b 63413507  |c 20040302  |g PSBO 
801 2 |a RU  |b 63413507  |c 20131028  |g RCR 
942 |c BK